| 000 | 01156na a2200313 4500 | ||
|---|---|---|---|
| 001 | 21932 | ||
| 003 | MIRAKIL | ||
| 005 | 20181226092844.0 | ||
| 008 | 170213b tu n0 0 0 | ||
| 035 | _a20919 | ||
| 040 |
_aMilas _btur _cTR-AnCHP |
||
| 041 | _atur | ||
| 090 | _aCHP 050 DER 164 | ||
| 245 |
_aPlatform _bCHP Bilim, Yönetim, Kültür Platformu yayın organı _c[yayınlayan] CHP Bilim, Yönetim, Kültür Platformu |
||
| 246 | _aCHP Platform dergi | ||
| 260 |
_aAnkara _bCHP Bilim, Yönetim, Kültür Platformu _c2001- |
||
| 300 |
_ac. _brnk. res. _c27 sm. |
||
| 310 | _a6 aylık | ||
| 362 | _a1. sayı (1 Haziran 2001)- | ||
| 500 | _aMevcut sayılar: (1) 1 Haziran 2001; (2) 2 Aralık 2001 | ||
| 500 | _aCHP Bilim, Yönetim, Kültür Platformu yayın organıdır. | ||
| 610 |
_aCumhuriyet Halk Partisi (CHP) _bBilim Yönetim Kültür Platformu (BYKP) _xSüreli yayınlar |
||
| 650 |
_aSiyasal partiler _vSüreli yayınlar _zTürkiye |
||
| 651 |
_aTürkiye _xSiyaset ve yönetim _ySüreli yayınlar |
||
| 655 | _aDergi | ||
| 710 |
_aCumhuriyet Halk Partisi (CHP) _bGençlik Kolları |
||
| 910 | _aDERGİ 164 | ||
| 942 |
_2ddc _cSER |
||
| 999 |
_c11411 _d11411 |
||